عرض عادي عرض مارك
  • أدريس، جعفر عبدالله موسي

مدخل إسم شخص

عدد التسجيلات المستخدمة في: 4

001 - رقم الضبط

  • حقل الضبط: 65076

003 - معرف رقم الضبط

  • حقل الضبط: OSt

005 - تاريخ ووقت أخر عملية

  • حقل الضبط: 20181218112141.0

008 - عناصر بيانات ثابتة الطول

  • حقل تحكم ثابت الطول: 181218|| aca||aabn | a|a d

040 ## - مصدر الفهرسة

  • هيئة الفهرسة الأصلية: OSt
  • وكالة الكتابة: OSt

100 ## - مدخل -- أسم شخص

  • إسم شخص: أدريس، جعفر عبدالله موسي

670 ## - بيانات المصدر موجوده

  • الاستشهاد بالمصدر: Work cat.: (OSt)75201: أدريس، جعفر عبدالله موسي, إدارة المنشآت المالية المتخصصة =, 2018